Recull de bones pràctiques de responsabilitat social empresarial / [coordinació: Servei de Teixit Productiu] Servei de Teixit Productiu]
Publicado:
Barcelona :
Diputació de Barcelona. Àrea de Desenvolupament Econòmic. Servei de Teixit Productiu ,
2009
Descripción Física:
196 p. ; 29 cm
MARC
| LEADER | 00000nam a2200000Ia 4500 | ||
|---|---|---|---|
| 001 | 22509 | ||
| 008 | 160829s2009 xx 000 0 cat d | ||
| 080 | |a M-6-343 | ||
| 245 | |a Recull de bones pràctiques de responsabilitat social empresarial / [coordinació: |b Servei de Teixit Productiu] | ||
| 260 | |a Barcelona : |b Diputació de Barcelona. Àrea de Desenvolupament Econòmic. Servei de Teixit Productiu, |c 2009 | ||
| 300 | |a 196 p. ; |c 29 cm | ||
| 590 | |a Pertany al projecte Ressort (2004 - 2007) | ||
| 650 | 0 | |a Empreses |x Responsabilitat social |z Barcelona (Província) |9 50353 | |
| 710 | |a Barcelona (Catalunya : Província). |b Servei de Teixit Productiu |e entitat coordinadora |9 53474 | ||
| 901 | |a Arxiu | ||
| 942 | |n 1 |2 udc | ||
| 952 | |0 0 |1 0 |4 0 |6 M6343 |7 1 |9 51702 |a Arxiu |b Arxiu |d 2016-12-01 |l 0 |o M-6-343 |p 22509 |r 2016-12-01 00:00:00 |w 2016-12-01 |y ARXIU | ||
| 999 | |c 55547 |d 55547 | ||